Statistics for Wikipedia's level 2 vital articles

Click here to take the quiz!

General Stats

  • This quiz has been taken 50 times
  • The average score is 33 of 91

Answer Stats

Article% Correct
Sea
92%
Visual arts
81%
Physics
77%
Computer
73%
Biology
69%
Medicine
69%
Africa
65%
Asia
65%
Europe
65%
North America
65%
South America
65%
Country
62%
Diety
62%
Music
62%
Religion
62%
Sun
62%
Chemistry
58%
Land
58%
Water
58%
Animal
54%
History
54%
Moon
54%
Oceania
54%
Psychology
54%
Food
50%
Plant
50%
City
46%
Death
42%
Economics
42%
Geography
42%
Performing arts
42%
War
42%
Education
38%
Electricity
38%
Engineering
38%
Literature
38%
Politics
38%
Time
38%
Astronomy
35%
Language
35%
Late modern period
35%
Number
35%
Writing
35%
Book
31%
Disease
31%
Energy
31%
Fire
31%
Geology
31%
Geometry
31%
Government
31%
Law
31%
Post-classical history
31%
Universe
31%
Anatomy
27%
Arithmetic
27%
Chemical element
27%
Climate
27%
Clothing
27%
Communication
27%
Evolution
27%
Family
27%
Sport
27%
Transport
27%
Agriculture
23%
Ancient history
23%
Architecture
23%
Home
23%
Logic
23%
Prehistory
23%
Solar system
23%
Statistics
23%
Atom
19%
Business
19%
Cell
19%
Culture
19%
Early modern period
19%
Human sexuality
15%
Tool
15%
Civilization
12%
Emotion
12%
Entertainment
12%
Knowledge
12%
Trade
12%
Ecology
8%
Ethics
8%
Manufacturing
8%
Mass media
8%
Mind
8%
Ethnicity
4%
Folklore
4%
History of science
4%

Score Distribution

Percentile by Number Answered

Percent of People with Each Score

Your Score History

You have not taken this quiz